LEADER 03744 am 22006853u 450 001 9910131492403321 005 20230621141341.0 010 $a90-04-29187-3 024 7 $a10.1163/9789004291874 035 $a(CKB)3710000000453353 035 $a(SSID)ssj0001615883 035 $a(PQKBManifestationID)16340750 035 $a(PQKBTitleCode)TC0001615883 035 $a(PQKBWorkID)12437897 035 $a(PQKB)10887901 035 $a(OCoLC)945783512 035 $z(OCoLC)912278042 035 $a(nllekb)BRILL9789004291874 035 $a(oapen)https://directory.doabooks.org/handle/20.500.12854/31029 035 $a(EXLCZ)993710000000453353 100 $a20150625d2015 uy 0 101 0 $aeng 135 $aurcn#nnn||||| 181 $ctxt$2rdacontent 182 $cc$2rdamedia 183 $acr$2rdacarrier 200 00$aMaria Petyt $ea Carmelite mystic in wartime /$fedited by Joseph Chalmers, Elisabeth Hense, Veronie Meeuwsen, Esther van de Vate 210 $cBrill$d2015 210 1$aLeiden ;$aBoston :$cBrill,$d[2015] 215 $a1 online resource (x, 292 pages) $cillustrations, 1 colour map; digital, PDF file(s) 225 1 $aRadboud studies in humanities ;$vv. 4 311 08$aPrint version: 9789004291867 320 $aIncludes bibliographical references and index. 327 $tPreliminary Material --$tIntroduction /$rElisabeth Hense , Veronie Meeuwsen and Esther van de Vate --$t1 Maria Petyt ? A Short Biography /$rEsther van de Vate --$t2 Maria Petyt against the Background of the Political and Religious Situation in Flanders in the Seventeenth Century /$rEsther van de Vate --$t3 Daily Life at the Hermitage in Mechelen at the Time of Maria Petyt (1657?1677) /$rMichel van Meerbeeck --$t4 Living as a Spiritual Virgin and Claiming Prophetic Authority: The Parallel Lives of Maria Petyt and Antoinette Bourignon /$rMirjam de Baar --$t5 Some Notes on the History of the Latin Manuscript of the Life of Maria Petyt by Michael of St. Augustine /$rGiovanni Grosso --$t6 ?Oh, How Spiritual Directors are Obliged to Remain Silent!? Michael?s Redaction of the Writings of Maria Petyt: Some Initial Findings /$rEsther van de Vate --$t7 The Latin Manuscript about the Dutch War and Its Translation in English /$rVeronie Meeuwsen (ed.) --$t8 Maria Petyt?s Support of the French King /$rVeronie Meeuwsen --$t9 The Spirituality of Teresa of Avila and the Latin Manuscript about the Dutch War (folios 30r?49v) /$rElisabeth Hense --$t10 The Prophetic Spirituality of Maria Petyt in the Latin Manuscript about the Dutch War /$rAnne-Marie Bos --$tEpilogue /$rJoseph Chalmers --$tIndex /$rJoseph Chalmers , Elisabeth Hense , Veronie Meeuwsen and Esther van de Vate. 330 $aBased on the discovery of an unknown Latin manuscript, Maria Petyt - A Carmelite Mystic in Wartime provides surprising new information about the seventeenth century Flemish mystic Maria Petyt (1623-1677) who wrote many letters to her spiritual director, Michael of St. Augustine. 410 0$aRadboud Studies in Humanities$v4. 606 $aDutch War, 1672-1678 610 $ahumanities 610 $aBoxmeer 610 $aCarmelites 610 $aFrance 610 $aJansenism 610 $aJayapura 610 $aMechelen 610 $aNetherlands 610 $aRome 615 0$aDutch War, 1672-1678. 676 $a271/.97102 700 $aChalmers$b J$4auth$0461180 702 $aChalmers$b Joseph 702 $aHense$b Elisabeth 702 $aMeeuwsen$b Veronie 702 $aVate$b Esther van de. 801 0$bNL-LeKB 801 1$bNL-LeKB 801 2$bUkMaJRU 906 $aBOOK 912 $a9910131492403321 996 $aMaria Petyt$93389305 997 $aUNINA LEADER 01798oam 2200553 450 001 9910713567403321 005 20200518140646.0 035 $a(CKB)5470000002501988 035 $a(OCoLC)1011425137 035 $a(EXLCZ)995470000002501988 100 $a20171113d1988 ua 0 101 0 $aeng 135 $aur||||||||||| 181 $ctxt$2rdacontent 182 $cc$2rdamedia 183 $acr$2rdacarrier 200 13$aAn Act to Implement the United States-Canada Free-Trade Agreement 210 1$a[Washington, D.C] :$c[U.S. Government Printing Office],$d[1988] 215 $a1 online resource (48 unnumbered pages) 300 $a"Sept. 28, 1988, (H.R. 5090)." 300 $a"102 Stat. 1851." 300 $a"Public Law 100-449." 517 3 $aUnited States Canada Free Trade Agreement Implementation Act of 1988 606 $aFree trade$zUnited States 606 $aFree trade$zCanada 606 $aTariff$xLaw and legislation$zUnited States 606 $aTariff$xLaw and legislation$zCanada 606 $aFree trade$2fast 606 $aTariff$xLaw and legislation$2fast 607 $aUnited States$vCommercial treaties 607 $aCanada$vCommercial treaties 607 $aCanada$2fast 607 $aUnited States$2fast 608 $aCommercial treaties.$2fast 608 $aStatutes and codes.$2lcgft 615 0$aFree trade 615 0$aFree trade 615 0$aTariff$xLaw and legislation 615 0$aTariff$xLaw and legislation 615 7$aFree trade. 615 7$aTariff$xLaw and legislation. 801 0$bOCLCE 801 1$bOCLCE 801 2$bOCLCQ 801 2$bGPO 906 $aBOOK 912 $a9910713567403321 996 $aAn Act to Implement the United States-Canada Free-Trade Agreement$93446886 997 $aUNINA